El mirlo y yo / (Registro nro. 8825)

Detalles MARC
000 -LIDER
fixed length control field 00847nam a22002777a 4500
001 - NÚMERO DE CONTROL
Identificador de número de control 57994
003 - IDENTIFICACDOR DE NÚMERO DE CONTROL
control field DO-SdBNP
005 - DATE AND TIME OF LATEST TRANSACTION
control field 20180130144202.0
007 - CAMPOS FIJOS DE DESCRIPCIÓN FÍSICA
fixed length control field 57994
008 - ELEMENTOS DE LONGITUD FIJA
fixed length control field 891108s1988 sp spa
016 7# - NO. DE CONTROL DE LA AGENCIA BIB. NACIONAL
Source BPMSU
020 ## - ISBN
International Standard Book Number 843458641X
040 ## - FUENTE DE CATALOGACIÓN
Agencia que crea de manera original el registro BPMSU
Idioma de catalogación spa
Agencia que realiza la transcripción BPMSU
100 1# - ASIENTO PRINCIPAL -- NOMBRE PERSONAL
Nombre personal Fournier, Andrée-Paule
245 13 - MENCIÓN DE TITULO
Título El mirlo y yo /
Mención de responsabilidad Andrée-Paule Fournier ; traducción de Pilar Ruiz-Va ; ilustraciones de Yvon Le Gall
260 1# - PUBLICACIÓN, DISTRIBUCIÓN, ETC. (PIE DE IMPRENTA)
Lugar de publicación, distribución, etc Barcelona :
Nombre del editor, distribuidor, etc. Salvat,
Fecha de publicación, distribución, etc 1988
300 ## - DESCRIPCIÓN FÍSICA
Extensión 159 p.;
Otros detalles físicos il.:
Dimensiones 22 cm.
490 1# - MENCIÓN DE SERIES
Mención de serie Biblioteca juvenil
Volume/sequential designation 61
500 ## - NOTA GENERAL
Nota general Traducción de: Le merle et moi
700 1# - ASIENTO SECUNDARIO -- NOMBRE PERSONAL
Nombre personal Ruiz Va, Pilar
Término de relación tr.
700 1# - ASIENTO SECUNDARIO -- NOMBRE PERSONAL
Nombre personal Le Gall, Yvon
Término de relación il.
830 #0 - ASIENTO SECUNDARIO DE SERIE--TÍTULO UNIFORME
Título uniforme Biblioteca juvenil (Salvat Editores)
Volume number/sequential designation 61
942 ## - ADDED ENTRY ELEMENTS (KOHA)
Source of classification or shelving scheme Dewey Decimal Classification
Koha item type Libros
945 ## - INFORMACIÓN DE PROCESAMIENTO LOCAL
Información de procesamiento local Inventariado, 2018 / BT
956 ## - LOCAL ELECTRONIC LOCATION AND ACCESS (OCLC)
Nombre de host VMATEO
Método de acceso 10
Materiales especificados 20151119
Enlace BPMSU
Campo enlazado y núm. de secuencia 00151
Existencias
Withdrawn status Lost status Source of classification or shelving scheme Damaged status Not for loan Collection code Home library Current library Date acquired Source of acquisition Total Checkouts Barcode Date last seen Price effective from Koha item type
    Dewey Decimal Classification     Colección Juvenil General Biblioteca Pública Metropolitana Salomé Ureña Biblioteca Pública Metropolitana Salomé Ureña 11/19/2015 FUNDI   BPMSU15110397 11/19/2015 11/19/2015 Libros